Anar Kali (Record no. 473219)
[ view plain ]
| 000 -LEADER | |
|---|---|
| fixed length control field | 00237 a2200109 4500 |
| 082 ## - DEWEY DECIMAL CLASSIFICATION NUMBER | |
| Classification number | 891.4392TAJ |
| 090 ## - LOCALLY ASSIGNED LC-TYPE CALL NUMBER (OCLC); LOCAL CALL NUMBER (RLIN) | |
| -- | 39715 |
| -- | 39715 |
| 100 ## - MAIN ENTRY--PERSONAL NAME | |
| Personal name | Imtiaz ALi Taj |
| 245 ## - TITLE STATEMENT | |
| Title | Anar Kali |
| 260 ## - PUBLICATION, DISTRIBUTION, ETC. | |
| Name of publisher, distributor, etc. | Sang-e-Meel |
| 942 ## - ADDED ENTRY ELEMENTS (KOHA) | |
| Institution code [OBSOLETE] | NUST-CAE |
| Call number prefix | 891.4392TAJ |
| Withdrawn status | Lost status | Source of classification or shelving scheme | Damaged status | Not for loan | Permanent Location | Current Location | Date acquired | Total Checkouts | Full call number | Barcode | Date last seen | Date last checked out | Price effective from |
|---|---|---|---|---|---|---|---|---|---|---|---|---|---|
| School of Civil and Environmental Engineering (SCEE) | School of Civil and Environmental Engineering (SCEE) | 02/12/2020 | 3 | 891.4393 | NIT-9735 | 02/03/2022 | 02/01/2022 | 02/12/2020 |
